Formula 1: Drivers with Most Points in Total 1961-1990 - Statistics

General Stats
  • This quiz has been taken 272 times
  • The average score is 28 of 36
Answer Stats
Points Driver Country % Correct
665 Alain Prost France
99%
395 Ayrton Senna Brazil
99%
420.5 Niki Lauda Austria
98%
459 Nelson Piquet Brazil
96%
360 Jackie Stewart United Kingdom
90%
255 Jody Scheckter South Africa
90%
281 Emerson Fittipaldi Brazil
89%
285 Graham Hill United Kingdom
89%
180 Mario Andretti United States
89%
107 Gilles Villeneuve Canada
88%
248 Denny Hulme New Zealand
87%
266 Jim Clark United Kingdom
87%
289 Nigel Mansell United Kingdom
86%
181 Jack Brabham Australia
85%
206 Alan Jones Australia
84%
181 Jacky Ickx Belgium
84%
179 James Hunt United Kingdom
84%
161 Gerhard Berger Austria
83%
206 Ronnie Peterson Sweden
83%
310 Carlos Reutemann Argentina
82%
159.5 Keke Rosberg Finland
82%
212 Clay Regazzoni Switzerland
81%
181 René Arnoux France
78%
109 Jochen Rindt Austria
76%
152 Riccardo Patrese Italy
73%
143 Bruce McLaren New Zealand
72%
130 Thierry Boutsen Belgium
68%
174 John Surtees United Kingdom
67%
228 Jacques Laffite France
62%
179.5 Michele Alboreto Italy
58%
101 Didier Pironi France
55%
169 John Watson United Kingdom
52%
120 Dan Gurney United States
49%
122 Elio de Angelis Italy
47%
103 Patrick Tambay France
47%
141 Patrick Depailler France
45%
No matching quizzes found
Score Distribution
Percent of People with Each Score
Percentile by Number Answered
Your Score History
You have not taken this quiz